[Event "Voronezh op-A 15th"]
[Site "Voronezh"]
[Date "2011.06.19"]
[Round "7"]
[White "Ziatdinov, Raset"]
[Black "Gorshkov, Yury S"]
[Result "1-0"]
[WhiteElo "2425"]
[BlackElo "2302"]
[PlyCount "65"]
[EventDate "2011.06.12"]
[EventType "swiss"]
[EventRounds "9"]
[EventCountry "RUS"]
[SourceTitle "CBM 143 Extra"]
[Source "ChessBase"]
[SourceDate "2011.08.29"]
[SourceVersion "1"]
[SourceVersionDate "2011.08.29"]
[SourceQuality "1"]

1. e4 c5 2. Nf3 d6 3. d4 cxd4 4. Nxd4 Nf6 5. Nc3 Nc6 6. Bg5 Bd7 7. Qd2 Rc8 8. Nxc6 bxc6 9. Bxf6 gxf6 10. Bd3 h5 11. 0-0 Qb6 12. Rab1 Bh6 13. Qe2 Bg4 14. Qe1 Rg8 15. Kh1 e5 16. Nd1 Ke7 17. Ne3 Rg7 18. b4 Bxe3 19. fxe3 Be6 20. c4 c5 21. b5 Rcg8 22. Rb2 Rg6 23. Qc3 Ra8 24. Rfb1 a6 25. Be2 axb5 26. Rxb5 Qa6 27. Qd2 Qxa2 28. Rb7+ Bd7 29. Qd5 Rd8 30. Bf3 h4 31. h3 Rg3 32. Rd1 Qf2 33. Qxd6+ 1-0

[Event "Voronezh op-A 15th"]
[Site "Voronezh"]
[Date "2011.06.14"]
[Round "3"]
[White "Gorshkov, Yury S"]
[Black "Yevseev, Denis"]
[Result "0-1"]
[WhiteElo "2302"]
[BlackElo "2527"]
[PlyCount "59"]
[EventDate "2011.06.12"]
[EventType "swiss"]
[EventRounds "9"]
[EventCountry "RUS"]
[SourceTitle "CBM 143 Extra"]
[Source "ChessBase"]
[SourceDate "2011.08.29"]
[SourceVersion "1"]
[SourceVersionDate "2011.08.29"]
[SourceQuality "1"]

1. d4 Nf6 2. c4 g6 3. Nc3 Bg7 4. e4 d6 5. Be2 0-0 6. Nf3 e5 7. 0-0 Nc6 8. d5 Ne7 9. b4 Nh5 10. Re1 f5 11. Ng5 Nf4 12. Bxf4 exf4 13. Rc1 fxe4 14. Bg4 Nf5 15. Ncxe4 Nd4 16. Bxc8 Qxc8 17. Nf3 Nxf3+ 18. Qxf3 Qf5 19. c5 Rad8 20. cxd6 cxd6 21. h4 h6 22. Rcd1 a6 23. g4 fxg3 24. Qxf5 Rxf5 25. Nxg3 Rf4 26. Re6 Rg4 27. Kf1 Be5 28. Rd3 Rf8 29. Ke2 Rxb4 30. Rxg6+ 0-1

[Event "Voronezh op-A 14th"]
[Site "Voronezh"]
[Date "2010.06.19"]
[Round "7"]
[White "Gorshkov, Yury S"]
[Black "Kondenko, Alexey"]
[Result "0-1"]
[WhiteElo "2314"]
[BlackElo "2238"]
[PlyCount "135"]
[EventDate "2010.06.12"]
[EventType "swiss"]
[EventRounds "9"]
[EventCountry "RUS"]
[SourceTitle "CBM 137 Extra"]
[Source "ChessBase"]
[SourceDate "2010.09.01"]
[SourceVersion "1"]
[SourceVersionDate "2010.09.01"]
[SourceQuality "1"]

1. d4 Nf6 2. c4 g6 3. Nc3 Bg7 4. e4 d6 5. f3 a6 6. Be3 0-0 7. Qd2 Nc6 8. Nge2 Re8 9. h4 e5 10. d5 Na5 11. Ng3 c5 12. h5 b5 13. b3 bxc4 14. bxc4 Rb8 15. Rc1 Rb4 16. Nd1 Re7 17. Bd3 Reb7 18. Bh6 Bh8 19. Kf2 Ne8 20. hxg6 fxg6 21. Nf1 Bf6 22. g3 Ng7 23. Kg2 Ne8 24. g4 Bd7 25. g5 Bh8 26. f4 exf4 27. Qxf4 Qe7 28. Nfe3 Be5 29. Qf3 Ng7 30. Rf1 Rb8 31. Ng4 Bxg4 32. Qxg4 Nh5 33. Rc2 Bd4 34. Qe6+ Qxe6 35. dxe6 Nc6 36. Be2 Ng7 37. a3 Rb3 38. Bg4 Ne5 39. Bh3 Re8 40. Rf6 Nd3 41. Rf1 Nh5 42. Bg4 Ne1+ 43. Rxe1 Rg3+ 44. Kh1 Rxg4 45. Nf2 Rh4+ 46. Kg2 Rxe6 47. Rb1 Re8 48. Rb6 Be5 49. Rxa6 Rb8 50. Rd2 Rh2+ 51. Kg1 Rb1+ 52. Rd1 Rxd1+ 53. Nxd1 Rd2 54. Nf2 Bd4 55. Ra8+ Kf7 56. Rf8+ Ke6 57. Kg2 Ra2 58. Rf3 Bxf2 59. Rxf2 Rxa3 60. Rf8 Re3 61. Re8+ Kd7 62. Rh8 Rxe4 63. Rxh7+ Ke6 64. Bf8 Rxc4 65. Re7+ Kf5 66. Rf7+ Kxg5 67. Bxd6 Kg4 68. Kf2 0-1

[Event "Kaluga Tsiolkovsky Memorial op"]
[Site "Kaluga"]
[Date "2007.08.08"]
[Round "6"]
[White "Gorshkov, Yury S"]
[Black "Kopyl, Artem"]
[Result "1-0"]
[WhiteElo "2244"]
[BlackElo "2221"]
[PlyCount "117"]
[EventDate "2007.08.03"]
[EventType "swiss"]
[EventRounds "9"]
[EventCountry "RUS"]
[SourceTitle "CBM 119 Extra"]
[Source "ChessBase"]
[SourceDate "2007.09.04"]
[SourceVersion "1"]
[SourceVersionDate "2007.09.04"]
[SourceQuality "1"]

1. d4 Nf6 2. c4 c5 3. d5 b5 4. cxb5 a6 5. bxa6 Bxa6 6. Nc3 d6 7. g3 g6 8. Bg2 Bg7 9. Nf3 0-0 10. 0-0 Nbd7 11. h3 Qa5 12. Qc2 Rfb8 13. Rd1 Ra7 14. Bd2 Rab7 15. Rab1 Qc7 16. Be1 Nb6 17. b3 Nbd7 18. a4 Nh5 19. e3 h6 20. Bf1 Bxf1 21. Kxf1 Qc8 22. Nb5 Ne5 23. Ng1 f5 24. f4 Nf7 25. Ne2 Kh7 26. Qc4 g5 27. Kg2 Qd7 28. Kh2 Bf6 29. Bc3 Rg8 30. Rg1 Rg6 31. g4 Ng7 32. e4 h5 33. gxf5 Rh6 34. Bxf6 exf6 35. Rg2 h4 36. Kh1 Nh5 37. Rbg1 gxf4 38. Nxf4 Ng3+ 39. Rxg3 hxg3 40. Rxg3 Ng5 41. Kh2 Rb8 42. Ne6 Rg8 43. Qe2 Qe7 44. Qg4 Rg7 45. Nxg7 Qe5 46. Nh5 Qb2+ 47. Kh1 Qb1+ 48. Rg1 Qxb3 49. h4 Qf3+ 50. Qxf3 Nxf3 51. Rg3 Nxh4 52. Nxf6+ Rxf6 53. Rh3 Rh6 54. a5 Kg7 55. a6 Kf6 56. a7 Rh8 57. Kg1 Kg5 58. Ra3 Kg4 59. Kf2 1-0